Educación, democracia y desarrollo en el fin de siglo / (Record no. 125890)

MARC details
000 -LEADER
fixed length control field 00935cam a2200241 4500
008 - FIXED-LENGTH DATA ELEMENTS--GENERAL INFORMATION
fixed length control field 041109s1998 mx grb 000 0 spa u
020 ## - INTERNATIONAL STANDARD BOOK NUMBER
International Standard Book Number 9682321387
245 00 - TITLE STATEMENT
Title Educación, democracia y desarrollo en el fin de siglo /
Statement of responsibility, etc por Carlos A. Torres... [et al.] ; coordinado por, Armando Alcántara Santuario, Ricardo Pozas Horcasitas, Carlos Alberto Torres.
250 ## - EDITION STATEMENT
Edition statement 1a. ed.
260 ## - PUBLICATION, DISTRIBUTION, ETC. (IMPRINT)
Place of publication, distribution, etc México :
Name of publisher, distributor, etc Siglo Veintiuno,
Date of publication, distribution, etc 1998.
300 ## - PHYSICAL DESCRIPTION
Extent 288 p. ;
Dimensions 23 cm.
440 #0 - SERIES STATEMENT/ADDED ENTRY--TITLE
Title Educación
504 ## - BIBLIOGRAPHY, ETC. NOTE
Bibliography, etc Incluye bibliografías
506 ## - RESTRICTIONS ON ACCESS NOTE
Terms governing access Rec. prop. esc.
650 #4 - SUBJECT ADDED ENTRY--TOPICAL TERM
Topical term or geographic name as entry element Educación
General subdivision Aspectos sociales
Geographic subdivision México
Form subdivision Congresos
650 #4 - SUBJECT ADDED ENTRY--TOPICAL TERM
Topical term or geographic name as entry element Educación
General subdivision Aspectos Económicos
Geographic subdivision México
Form subdivision Congresos
650 #4 - SUBJECT ADDED ENTRY--TOPICAL TERM
Topical term or geographic name as entry element Política y educación
Geographic subdivision México
Form subdivision Congresos
700 1# - ADDED ENTRY--PERSONAL NAME
Personal name Torres, Carlos A., coaut.
700 1# - ADDED ENTRY--PERSONAL NAME
Personal name Alcántara Santuario, Armando, coord.
942 ## - ADDED ENTRY ELEMENTS (KOHA)
Source of classification or shelving scheme Biblioteca del Cogreso de los Estados Unidos
Koha item type Libro
Holdings
Estado de pérdida Fuente de clasificación Estado del daño No para préstamo Ubicación permanente Ubicación actual Apartado o colección Fecha de adquisición Edición Dependencia de educación superior (DES) Área del conocimiento Clasificación Código de Barras Date last seen Número de copia Tipo de recurso
  Biblioteca del Cogreso de los Estados Unidos     Biblioteca de la Facultad de Filosofía Biblioteca de la Facultad de Filosofía General 13/02/2017 1a. ed. Humanidades Educación y Humanidades LC191.8.M4 E38 1998 BFF000023656 13/02/2017 C:1 Libro
  Biblioteca del Cogreso de los Estados Unidos     Biblioteca de la Facultad de Filosofía Biblioteca de la Facultad de Filosofía General 13/02/2017 1a. ed. Humanidades Educación y Humanidades LC191.8.M4 E38 1998 BFF000023657 13/02/2017 C:2 Libro